Obálka Náhled e-knihy:
PDF Epub
Pro půjčování e-knih musíte být přihlášeni.
Jak si půjčit online?

Star Wars - vrcholná republika. Půlnoční horizont /

Tragické události na Republikové výstavě pobouřily celou galaxii. Jediové a Republika musí zastavit loupeživé Nihily. Devátá kniha série Star Wars - Vrcholná republika.

Uloženo v:
Série:Star Wars - Vrcholná republika, část 9
Hlavní autor: Older, Daniel José, 1980- (Autor)
Další autoři: Potužník, Lukáš (Autor)
Médium: E-kniha
Jazyk:Czech
Vydáno: V Praze : Egmont, 2023
Vydání:První vydání
Témata:
Příbuzné jednotky:Přeloženo z: Star Wars: the high republic
Z cyklu:: Star Wars - Vrcholná republika
Tagy:
Žádné tagy
LEADER 02722nam a2200481 i 4500
001 311904
003 CZ PrSKC
005 20260601215713.0
007 ta
008 230424s2023 xr g 000 f cze
015 |a cnb003516143 
020 |a 9788025253335  |q (brožováno) :  |c Kč 449,00 
035 |a (OCoLC)1381703633 
040 |a ABG001  |b cze  |e rda 
041 1 |a cze  |h eng 
072 7 |a 821.111(73)-3  |x Americká próza  |2 Konspekt 
080 |a 821.111(73)-31  |2 MRF 
080 |a (0:82-311.9)  |2 MRF 
100 1 |a Older, Daniel José,  |d 1980-  |7 xx0300481  |4 aut 
240 1 0 |a Midnight horizon.  |l Česky 
245 1 0 |a Star Wars - vrcholná republika.  |p Půlnoční horizont /  |c Daniel José Older ; z anglického originálu Star Wars: the high republic - Midnight horizon přeložil Lukáš Potužník 
246 3 0 |a Půlnoční horizont 
250 |a První vydání 
264 1 |a V Praze :  |b Egmont,  |c 2023 
300 |a 350 stran ;  |c 20 cm 
336 |a text  |b txt  |2 rdacontent 
337 |a bez média  |b n  |2 rdamedia 
338 |a svazek  |b nc  |2 rdacarrier 
520 2 |a Tragické události na Republikové výstavě pobouřily celou galaxii. Jediové a Republika musí zastavit loupeživé Nihily. Devátá kniha série Star Wars - Vrcholná republika.  |b Republice se podařilo zahnat nihilské nájezdníky na útěk a zdá se, že se konečně objevuje světlo na konci tunelu. Pak ale přijde zpráva o podezření na útok Nihilů na průmyslovém kosmopolitním světě Corellii. Na planetu jsou vysláni mistři Jedi Cohmac Vitus a Kantam Sy spolu s padawany Reathem Silasem a Ramem Jomaramem. Reath a Ram se zde spojí s mladou osobní strážkyní Crash, aby pronikli mezi corellianskou elitu. Jejich mistři zatím sledují diplomatičtější cesty. 
521 8 |a Pro čtenáře od 12 let 
655 7 |a americké romány  |7 fd131796  |2 czenas 
655 7 |a vědecko-fantastické romány  |7 fd133847  |2 czenas 
655 9 |a American fiction  |2 eczenas 
655 9 |a science fiction novels  |2 eczenas 
700 1 |a Potužník, Lukáš  |7 xx0276333  |4 trl 
765 0 |t Star Wars: the high republic 
787 0 8 |i Z cyklu:  |t Star Wars - Vrcholná republika  |g 9 
900 |a ABA001  |b 21 
928 9 |a Albatros Media - Egmont 
044 |a xr 
910 |a RBIT002 
998 |d 373476  |a https://core.palmknihy.cz/api/books/373476/cover?si96t2  |b https://core.palmknihy.cz/api/books/373476/cover/400?si96t2  |c https://core.palmknihy.cz/api/books/373476/cover/50?si96t2  |e 2026-12-31  |g 352  |i 9788025253335  |j https://core.palmknihy.cz/api/books/373476/preview.epub  |k https://core.palmknihy.cz/api/books/373476/preview.pdf  |l   |q 49  |r 1  |s https://www.palmknihy.cz/kniha/373476  |t ebook  |y 2023  |z 0  |v Star Wars - Vrcholná Republika  |w 9 
999 |d 311902